=LDR 00000nam 2200000 4500 =001 $a INLIS000000000008396 =005 $a 20260604104854 =008 $a 260604################g##########0#ind## =022 ##$$a 978-979-496-691-4 =035 ##$$a 0010-0626000023 =082 ##$$a 362.28 =084 ##$$a 362.28 DAD p =100 #$$a Dadang Hawari =245 ##$$a Psikopatologi Bunuh Diri $b - $c Dadang Hawari =246 ##$$a =260 ##$$a Jakarta $b Fakultas Kedokteran Universitas Indonesia $c 2010 =300 ##$$a xiii+196 hlm. $b ilus. $c 18 cm. $d =336 ##$$a =337 ##$$a =338 ##$$a =520 #$$a =650 #$$a Psikopatologi =700 #$$a =740 ##$$a =856 ##$$a =Wor $a 1